| 000 | 01969nam a2200349 a 4500 | ||
|---|---|---|---|
| 001 | BRCA_2566 | ||
| 005 | 20190320203853.0 | ||
| 008 | 271108s1864----sp-a---###---#000-0dspa-# | ||
| 041 | _aspa | ||
| 044 | _asp | ||
| 084 |
_a159 _b.G38 _c1864 |
||
| 100 | 1 |
_aCervantes Saavedra, Miguel de _d1547-1616 _9213 |
|
| 245 | 1 | 0 |
_aEl Ingenioso Hidalgo Don Quijote de la Mancha _ccompuesto por Miguel de Cervantes Saavedra. |
| 260 |
_aMadrid _bGaspar y Roig _c1864 |
||
| 300 |
_a540 p. _bil. _c27 cm. |
||
| 440 | 0 |
_aBiblioteca ilustrada de Gaspar y Roig _97304 |
|
| 500 | _aContenido : Primera parte. Dedicatoria del autor. Advertencia de los editores. Retrato de Cervantes. Prólogo del autor. Versos preliminares. Texto. Segunda parte. Documentos de la edición príncipe. Dedicatoria del autor. Prólogo del autor. Vida de Cervantes por Quintana. Texto. El Buscapié con prólogo y notas de A. de Castro | ||
| 500 | _aEdición : Novísima edición con notas históricas, críticas y gramaticales de la Academia Española, Pellicer, Arrieta, Clemencín, Cuesta, Janer, etc. Aumantado con el Buscapié anotado por A. de Castro. Adornada con 3oo grabados intercalados, láminas sueltas y el retrato del autor grabado en acero | ||
| 500 | _aEjemplar igual al LO-159 Lúdovik Osterc | ||
| 650 | 1 | 4 |
_aNovela española _yÉpoca clásica, 1500-1700 _9215 |
| 650 | 1 | 4 |
_aLiteratura española _yÉpoca clásica, 1500-1700 _9216 |
| 650 | 1 | 4 |
_aNovela española _ySiglo XVII _9217 |
| 650 | 1 | 4 |
_aDon Quijote (Personaje ficticio) _eNovela _9218 |
| 700 | 1 |
_aQuintana, José Manuel _d1772-1857 _eBiógrafo _97337 |
|
| 700 | 1 |
_aCastro y Rossi, Adolfo de _d1823-1898 _eAnotador _97338 |
|
| 700 | 1 |
_aPellicer y Pilares, Juan Antonio _d1738-1806 _eBiógrafo _97339 |
|
| 700 | 1 |
_aGarcía Arrieta, Agustín _d1775-1834 _eAnotador _97340 |
|
| 700 | 1 |
_aClemencín y Viñas, Diego _d1785-1834 _eAnotador _97341 |
|
| 740 | 0 | _aEl Ingenioso Hidalgo Don Quijote de la Mancha | |
| 902 | _aQFM | ||
| 942 |
_2lcc _cB |
||
| 999 |
_c2306 _d2306 |
||